| 000 | 00824nam a22001697a 4500 | ||
|---|---|---|---|
| 008 | 100816s2009 xxu||||| |||| 00| 0 ara d | ||
| 082 |
_222 _a335.81 _bب و ر |
||
| 100 | 1 |
_917508 _aبوراث ، يهوشوع |
|
| 245 |
_aالسعي إلى الوحدة العربية 1930 _ 1945 / _cيهوشوع بوراث |
||
| 260 |
_aبيروت : _bمؤسسة الأبحاث العربية ، _c2009. |
||
| 300 |
_a525 ص ؛ _c24 سم. |
||
| 504 | _aيحتوى على إرجاعات ببليوجرافية | ||
| 541 |
_aالفرات ؛ _cشراء ؛ |
||
| 650 |
_917509 _aالإشتراكية العربية |
||
| 942 |
_2ddc _cBB |
||
| 999 |
_c14669 _d14669 |
||